Manual básico de geografía : Chile, América y el mundo /

Este manual, aborda el estudio de la geografía de Chile desde una perspectiva de regiones o macrounidades, procurando de este modo analizar la variada geografía nacional en una forma comprehensiva. Los autores eligieron esta forma de abordar el tema con el objeto de entregar un conocimiento de cada...

Full description

Bibliographic Details
Main Author: Cereceda T., Pilar
Other Authors: Errázuriz Körner, Ana María 1932-
Format: Libro
Language:Spanish
Published: Santiago, Chile Andrés Bello 2008
Subjects:
Online Access:

MARC

LEADER 00000cam a2200000 a 4500
001 016291
003 UAHC_CL
005 20170803121346.0
008 100929s2008 cl a 000 spa
020 |a 9789561319721 
040 |a UAHC_CL  |c UAHC_CL  |d UAHC_CL 
082 0 4 |a 372.8918  |b C414  |2 20 
100 1 |a Cereceda T., Pilar 
245 1 0 |a Manual básico de geografía :  |b Chile, América y el mundo /  |c Pilar Cereceda T., Ana María Errázuriz K. 
260 |b Andrés Bello  |a Santiago, Chile  |c 2008 
300 |a 176 p.  |b il. col. 
505 0 |a Una mirada desde el espacio -- El planeta tierra. Su naturaleza y sus habitantes -- Un recorrido por Chile -- La diversidad geográfica de América. 
520 |a Este manual, aborda el estudio de la geografía de Chile desde una perspectiva de regiones o macrounidades, procurando de este modo analizar la variada geografía nacional en una forma comprehensiva. Los autores eligieron esta forma de abordar el tema con el objeto de entregar un conocimiento de cada elemento geográfico en un contexto global, en lugar de fraccionarlo en límites regionales que en cada caso son válidos sólo para algunos de ellos. 
650 4 |a GEOGRAFIA  |z CHILE 
650 4 |a GEOGRAFIA  |z AMERICA 
653 |a GEOGRAFIA 
700 1 |a Errázuriz Körner, Ana María  |d 1932- 
900 |a 372.8918 CER 
942 |c BK 
952 |0 0  |1 0  |4 0  |6 372_891800000000000_CER  |7 0  |8 General  |9 32490  |a BC  |b BC  |c General  |d 2017-08-03  |o 372.8918 CER  |p 1380035  |r 2026-01-13 00:00:00  |t 1  |w 2017-08-03  |y BK 
999 |c 16291  |d 16291